000 00410nam a22001457a 4500
003 OSt
005 20251021074410.0
008 251021b |||||||| |||| 00| 0 eng d
020 _a9966500120
040 _cVIDE MUWA PUBLISHERS LTD
050 _aPL 8704 .W36 2016
245 _aWARIDI LA TOVUTI
_bNA HADITHI NYINGINE
_cWAMITILA KW
260 _aNAIROBI, KENYA
_bVIDE MUWA PUBLISHERS LTD
_c2016
942 _2lcc
_cBK
_n0
999 _c9651
_d9651